Statistics for Early Imperial Rome

Click here to take the quiz!

General Stats

  • This quiz has been taken 149 times
  • The average score is 5 of 11

Answer Stats

HintAnswer% Correct
First emperor of RomeGaius Octavius Augustus
99%
Second emperor of RomeTiberius Claudius Nero
86%
Member of the Roman upper classPatrician
58%
Last wife of AugustusLivia Drusilla
45%
Second Emperor in the Year of the Four EmperorsMarcus Salvius Otho
43%
Stoic philosopher who was Nero's tutorLucius Annaeus Seneca
42%
Last emperor of the Flavian dynastyTitus Flavius Domitianus
42%
Villa built by Nero after the great fireDomus Aurea
15%
Daughter of Claudius and MessalinaClaudia Octavia
14%
Brother of VespasianTitus Flavius Sabinus
4%
Nero's birth nameLucius Domitius Ahenobarbus
3%

Score Distribution

Percentile by Number Answered

Percent of People with Each Score

Your Score History

You have not taken this quiz